000 00738nam a2200241Ia 4500
003 OSt
005 20220918180234.0
006 a|||||r|||| 00| 0
007 ta
008 220917b |||||||| |||| 00| 0 eng d
024 _a21,250
037 _cTextual
040 _aARTS
_cARTS
_beng
041 _2eng
_aeng
082 _aO111,3M12:g, L0
100 _aSucksmith Harvey Peter
_955887
245 0 _aNarrative art of Charles Dickens ; the rhetoric of sympathy and irony in his novels Harvey Peter Sucksmith
260 _aOxford
_bClarendon Press
_c1970
300 _axiv,374p.
_ccm.
650 _aENGLISH LITERATURE
942 _hO111,3M12:g, L0
_cTEXL
_2CC
999 _c160807
_d160807